The history of Rome / (Record no. 23676)
[ view plain ]
| 000 -LEADER | |
|---|---|
| fixed length control field | 00966nam a2200301 a 4500 |
| 001 - CONTROL NUMBER | |
| control field | 23676 |
| 003 - CONTROL NUMBER IDENTIFIER | |
| rucl marc code | BD-RjUL |
| 005 - DATE AND TIME OF LATEST TRANSACTION | |
| control field | 20211209000946.0 |
| 008 - FIXED-LENGTH DATA ELEMENTS--GENERAL INFORMATION | |
| fixed length control field | 140311r19141931enk 00| 0 eng d |
| 035 ## - SYSTEM CONTROL NUMBER | |
| System control number | (BD-RjUL)23741 |
| 040 ## - CATALOGING SOURCE | |
| Original cataloging agency | GUA |
| Transcribing agency | GUA |
| Modifying agency | OCL |
| -- | EQO |
| -- | BD-RjUL |
| Language of cataloging | eng |
| 041 ## - LANGUAGE CODE | |
| Language code of text/sound track or separate title | eng |
| 082 ## - DEWEY DECIMAL CLASSIFICATION NUMBER | |
| Classification number | 937 |
| Author mark and year | LIH |
| 090 ## - LOCALLY ASSIGNED LC-TYPE CALL NUMBER (OCLC); LOCAL CALL NUMBER (OCLC) | |
| Classification number (OCLC) (R) ; Classification number, CALL (RLIN) (NR) | DG207.L5 |
| Local cutter number (OCLC) ; Book number/undivided call number, CALL (RLIN) | R60 |
| 100 0# - MAIN ENTRY--PERSONAL NAME | |
| Personal name | Livy. |
| 9 (RLIN) | 72901 |
| 245 14 - TITLE STATEMENT | |
| Title | The history of Rome / |
| Statement of responsibility, etc. | by Titus Livius. |
| Number of part/section of a work | Volume Three |
| 260 ## - PUBLICATION, DISTRIBUTION, ETC. (IMPRINT) | |
| Place of publication, distribution, etc. | London : |
| Name of publisher, distributor, etc. | Dent ; |
| Place of publication, distribution, etc. | New York : |
| Name of publisher, distributor, etc. | Dutton, |
| Date of publication, distribution, etc. | 1914 [reprinted 1931] |
| 300 ## - PHYSICAL DESCRIPTION | |
| Pagination | ix, 302 [-4-], [15] p. ; |
| Size | 18 cm. |
| 490 1# - SERIES STATEMENT | |
| Series statement | Everyman's library. Classical |
| 500 ## - GENERAL NOTE | |
| General note | Translated with introduction by Canon W. M. Roberts. |
| General note | Summary and notes in each volume. |
| General note | Index: v. 6, p. 307-315. |
| 504 ## - BIBLIOGRAPHY, ETC. NOTE | |
| Bibliography, etc | Bibliography: v. 1, p. xvii. |
| 651 #0 - SUBJECT ADDED ENTRY--GEOGRAPHIC NAME | |
| Geographic name | Rome |
| General subdivision | History |
| 9 (RLIN) | 72902 |
| 700 1# - ADDED ENTRY--PERSONAL NAME | |
| Personal name | Roberts, William Masfen, |
| Dates associated with a name | -1927. |
| 830 #0 - SERIES ADDED ENTRY--UNIFORM TITLE | |
| Uniform title | Everyman's library. |
| 942 ## - ADDED ENTRY ELEMENTS (KOHA) | |
| Source of classification or shelving scheme | Dewey Decimal Classification |
| Koha item type | Books |
| Lost status | Source of classification or shelving scheme | Damaged status | Not for loan | Collection code | Permanent Location | Current Location | Shelving location | Date acquired | Source of acquisition | Cost, normal purchase price | Total Checkouts | Full call number | Date last seen | Copy number | Koha item type |
|---|---|---|---|---|---|---|---|---|---|---|---|---|---|---|---|
| Dewey Decimal Classification | Added to bundle | Non-fiction | Central Library, University of Rajshahi | Central Library, University of Rajshahi | Reading Room | 21/09/1955 | B.H. black well | 3.00 | 937 LIH V-3 1931 | 11/03/2014 | C-1 | Books |